000 00666nam a2200217Ii 4500
003 JO-AjNU
008 230605s9999||||xx |||||||||||||| ||und||
017 _a1987/12/551
040 _aJO-AjNU
_bara
_erda
_cJO-AjNU
041 _aara
050 1 4 _aPJ7527.A5222 1987
100 3 _aالعناني، أحمد,
_eauthor
_920436
245 0 0 _aالأدب من منظور إسلامي، الجزء الأول
250 _aط1
264 3 1 _aعمان:دار البيرق، 1987
300 _aج1، 169ص
336 _atext
_btxt
_2rdacontent
337 _aunmediated
_bn
_2rdamedia
338 _avolume
_bnc
_2rdacarrier
650 4 _aالأدب الإسلامي
_920437
999 _aA6926
_c10494
_d10494